Statistics for U.S. General Knowledge #10

Click here to take the quiz!

General Stats

  • This quiz has been taken 8,290 times
  • The average score is 13 of 20

Answer Stats

QuestionAnswer% Correct
Who founded Kentucky Fried Chicken?Colonel Sanders
90%
What is the first Miranda right that a person will hear if they are arrested?Right to {Remain} {Silent}
88%
What position in the U.S. government has been held by Hillary Clinton,
Colin Powell, and Henry Kissinger?
Secretary of State
85%
Where is one likely to get "lei'd" when arriving at the airport?Hawaii
84%
What company makes "57 varieties" of sauces?Heinz
82%
What American folk hero is famous for planting apple trees?Johnny Appleseed
78%
What American city has a name that means "Red Stick" in French?Baton Rouge
77%
What are Riker's Island and Sing Sing?Prisons
75%
What African-American Christmas alternative was first celebrated in 1966?Kwanzaa
70%
On what avenue would you find the flagship location of Saks department store?Fifth Avenue
70%
What are the two biggest cities in Kentucky?Louisville
62%
What "ageless" TV star used to host "New Year's Rockin Eve"?Dick Clark
58%
What type of hat did Davy Crockett famously wear?Coonskin Cap
57%
What Alaskan island chain extends for over 1,000 miles?Aleutian Islands
54%
What common American first name was used to refer to Viet Cong soldiers?Charlie
52%
What did the A originally stand for in Texas A&M?Agricultural
50%
What song is commonly played when the President of the United States enters a room?Hail to the Chief
48%
Who is depicted on the front of 50 cent piece coins?John F. Kennedy
48%
What are the two biggest cities in Kentucky?Lexington
47%
Who did Dennis the Menace irritate more than anyone else?Mr. Wilson
46%

Score Distribution

Percentile by Number Answered

Percent of People with Each Score

Your Score History

You have not taken this quiz